Statistics for U.S. Geography - Multiple Choice

Click here to take the quiz!

General Stats

  • This quiz has been taken 19,520 times
  • The average score is 11 of 15

Answer Stats

QuestionAnswer% Correct
Which of these states is farthest south?Texas
91%
Which of these states appears rectangular on maps?Colorado
90%
Which of these states doesn't have a "panhandle"?Ohio
82%
Where is Guam?In the Pacific Ocean
81%
Does California get snow every year?Yes
78%
Which state's capital city doesn't start with the letter M?Montana
73%
Is New Jersey generally considered to be part of New England?No
73%
What of these cities is NOT on the Great Lakes?Pittsburgh
72%
True or false: The Western U.S. gets less rain on average than the East.True
72%
Which one of these Presidents is carved on Mount Rushmore?Theodore Roosevelt
71%
Which of these cities in Alaska is farthest north?Fairbanks
68%
Which of these cities does NOT lie on the Mississippi River?Cincinnati
65%
Does any part of the Rocky Mountains touch California?No
55%
Which of these cities in Texas is farthest north?Dallas
51%
Portland is the capital of which state?Neither
47%

Score Distribution

Percentile by Number Answered

Percent of People with Each Score

Your Score History

You have not taken this quiz